| 000 | 00413nam a2200181Ia 4500 | ||
|---|---|---|---|
| 001 | 20590 | ||
| 005 | 20260306172817.0 | ||
| 008 | 260306t1995||||xx |||||||||||||| ||spa|| | ||
| 041 | _aESP | ||
| 082 |
_a343.4 _bR91 |
||
| 100 |
_aRubio Correa, Marcial _eAUT |
||
| 245 | 0 | _aEl ser humano como persona natural | |
| 260 | _c1995 | ||
| 300 |
_a _c |
||
| 650 | _aGEN | ||
| 654 | _aCDE | ||
| 942 |
_cLIB _dJUS _fJUS _2ddc _n |
||
| 999 |
_c20590 _d20590 |
||